<?xml version="1.0" encoding="UTF-8"?>
<collection xmlns="http://www.loc.gov/MARC21/slim">
 <record>
  <leader>00910pamaa2200217   4500</leader>
  <controlfield tag="001">0000046388</controlfield>
  <controlfield tag="005">20130117090000.0</controlfield>
  <controlfield tag="008">091202                             eng  </controlfield>
  <datafield tag="020" ind1="0" ind2="0">
   <subfield code="a">9780123735904 (CD-ROM) </subfield>
  </datafield>
  <datafield tag="090" ind1="0" ind2="0">
   <subfield code="a">QA76.9.A73 </subfield>
   <subfield code="b">PAT 2007</subfield>
  </datafield>
  <datafield tag="100" ind1="1" ind2="0">
   <subfield code="a">Patterson </subfield>
  </datafield>
  <datafield tag="245" ind1="1" ind2="0">
   <subfield code="a">Computer architecture [</subfield>
   <subfield code="m">CD-ROM] : </subfield>
   <subfield code="b">a quantitative approach  </subfield>
   <subfield code="c">John L. Hennessy, David A. Patterson; </subfield>
   <subfield code="f">with contributions by Andrea C. Arpaci-Dusseau ... [et al.].</subfield>
  </datafield>
  <datafield tag="250" ind1="0" ind2="0">
   <subfield code="a">4th ed.</subfield>
  </datafield>
  <datafield tag="260" ind1="0" ind2="0">
   <subfield code="a">Amsterdam ; Boston: </subfield>
   <subfield code="b">Morgan Kaufmann, </subfield>
   <subfield code="c">2007.</subfield>
  </datafield>
  <datafield tag="300" ind1=" " ind2=" ">
   <subfield code="a">1 CD-ROM; </subfield>
   <subfield code="c">4.5 inch.</subfield>
  </datafield>
  <datafield tag="500" ind1="0" ind2="0">
   <subfield code="a">To accompany textbook titled &quot;Computer architecture : a quantitative approach / John L. Hennessy, David A. Patterson ; with contributions by Andrea C. Arpaci-Dusseau ... [et al.]&quot;</subfield>
  </datafield>
  <datafield tag="501" ind1="0" ind2="0">
   <subfield code="a">BNCCUN</subfield>
  </datafield>
  <datafield tag="650" ind1="0" ind2="0">
   <subfield code="a">Computer architecture </subfield>
  </datafield>
  <datafield tag="700" ind1="1" ind2="1">
   <subfield code="a">Hennessy, </subfield>
   <subfield code="h">John L. </subfield>
  </datafield>
  <datafield tag="700" ind1="1" ind2="1">
   <subfield code="a">Arpaci-Dusseau, </subfield>
   <subfield code="h">Andrea C. </subfield>
  </datafield>
  <datafield tag="901" ind1=" " ind2=" ">
   <subfield code="u">www.mkp.com</subfield>
  </datafield>
 </record>
</collection>
